000 00693nam a22001817a 4500
003 UA-OsUOA
001 14442
007 ta
008 20030918b un ||||| |||| 00| 0 ukr d
100 _aЛяшенкоТ.
942 _cSA
040 _aUA-OsUOA
_cUA-OsUOA
_dUA-OsUOA
245 _aЗдобутки і завдання освітян: [На серпневій конф. освітян обл. підбито підсумки минулого навч. року і намічені перспективи на майбутнє]
300 _aС.2
955 _a0
773 0 _w0
_tВісті Рівненщини
_dРівне
_d2003
_g№71/29 серп./
650 7 _aКонференції
_2UDC
999 _c300603
_d300603